|
|
|
|
| LEADER |
00000nam a2200000Ii 4500 |
| 001 |
DIGCOLMX0114 |
| 003 |
NyNyDIG |
| 007 |
cr ||||||||||| |
| 008 |
211216s2016 mx b ob 001 0 spa d |
| 006 |
m o d |
| 035 |
|
|
|a (OCoLC)1319853075
|
| 040 |
|
|
|a DGITA
|b eng
|e rda
|e pn
|c DGITA
|
| 020 |
|
|
|a 9786074629569
|q eBook
|
| 020 |
|
|
|z 9786074627497
|
| 043 |
|
|
|a n-mx---
|a s-ag---
|
| 050 |
1 |
4 |
|a F1386.3 ebook
|
| 082 |
1 |
4 |
|a 307.76097253
|
| 245 |
0 |
0 |
|a Dos grandes metrópolis latinoamericanas :
|b Ciudad de México y Buenos Aires : una perspectiva comparativa /
|c Martha Schteingart, Pedro Pírez, coordinadores.
|
| 250 |
|
|
|a Primera edición electrónica.
|
| 264 |
|
1 |
|a México, D.F. :
|b El Colegio de México,
|c 2016.
|
| 300 |
|
|
|a 1 online resource :
|b maps.
|
| 336 |
|
|
|a text
|b txt
|2 rdacontent
|
| 337 |
|
|
|a computer
|b c
|2 rdamedia
|
| 338 |
|
|
|a online resource
|b cr
|2 rdacarrier
|
| 347 |
|
|
|a text file
|2 rdaft
|
| 347 |
|
|
|b EPUB
|
| 500 |
|
|
|a "Centro de Estudios Demográficos, Urbanos y Ambientales."
|
| 504 |
|
|
|a Includes bibliographical references and index.
|
| 588 |
0 |
|
|a Online resource; title from ePub title page (Digitalia, viewed December 16, 2021)
|
| 651 |
|
0 |
|a Mexico City (Mexico)
|x Politics and government
|y 21st century.
|
| 651 |
|
0 |
|a Buenos Aires (Argentina)
|x Politics and government
|y 21st century.
|
| 650 |
|
0 |
|a Urbanization
|z Mexico
|z Mexico City.
|
| 650 |
|
0 |
|a Urbanization
|z Argentina
|z Buenos Aires.
|
| 655 |
|
0 |
|a Electronic books.
|
| 700 |
1 |
|
|a Schteingart, Martha,
|e editor.
|
| 700 |
1 |
|
|a Pírez, Pedro,
|e editor.
|
| 791 |
2 |
|
|a Digitalia (Firm),
|e distributor.
|
| 793 |
0 |
|
|g Digitalia eBook Collection:
|a El Colegio de México
|
| 776 |
0 |
8 |
|i Print version:
|t Dos grandes metrópolis latinoamericanas.
|b Primera edición.
|d México, D.F. : El Colegio de México, 2015
|z 9786074627497
|
| 856 |
4 |
0 |
|3 Digitalia Hispánica
|u https://www.digitaliapublishing.com/a/105474/
|
| 910 |
|
|
|a Premium collection: 2022
|